000 00292nam a2200133Ia 4500
100 _aRobert H. Nutt
650 _aGeneral
942 _cBK
654 _aMemory
245 _aHow to develop a good memory
260 _bTaraporevala Sons & Co
_c2001
082 _a153.14
546 _aENGLISH
999 _c28934
_d28934